London offices market analysis (Record no. 82568)

MARC details
000 -LEADER
fixed length control field 00906cab a22001935a 4500
001 - CONTROL NUMBER
control field L150582
008 - FIXED-LENGTH DATA ELEMENTS--GENERAL INFORMATION
fixed length control field 090818e20090725xxkado f s 000 0 eng d
035 ## - SYSTEM CONTROL NUMBER
System control number (Sirsi) u150582
041 0# - LANGUAGE CODE
Language code of text/sound track or separate title eng
110 2# - MAIN ENTRY--CORPORATE NAME
Corporate name or jurisdiction name as entry element Estates Gazette
9 (RLIN) 298
245 00 - TITLE STATEMENT
Title London offices market analysis
260 ## - PUBLICATION, DISTRIBUTION, ETC.
Date of publication, distribution, etc. 2009
490 ## - SERIES STATEMENT
Series statement Estates Gazette
Volume/sequential designation (1029) 24 July 2009, 65-77(13)
520 ## - SUMMARY, ETC.
Summary, etc. Take up, supply, availability rates, asking rents, construction and investment trends for various office locations within London including City core, City fringe, Docklands, Midtown, Southbank and West End. Central London Lettings Agents League Table Q2 2010 and agents share by numbers of disposals done. Explains the criteria, geographical and other factors used in the Office Market Analysis.
590 ## - LOCAL NOTE (RLIN)
Local note KA
651 #4 - SUBJECT ADDED ENTRY--GEOGRAPHIC NAME
Geographic name London
690 ## - LOCAL SUBJECT ADDED ENTRY--TOPICAL TERM (OCLC, RLIN)
Topical term or geographic name as entry element PROPERTY-COMMERCIAL PROPERTY-OFFICE PROPERTY-OFFICE PROPERTY MARKET
942 ## - ADDED ENTRY ELEMENTS (KOHA)
Suppress in OPAC 0
Holdings
Withdrawn status Lost status Source of classification or shelving scheme Damaged status Not for loan Home library Current library Shelving location Date acquired Total Checkouts Full call number Barcode Date last seen Copy number Price effective from Koha item type
    Dewey Decimal Classification     London London Journal article 30/07/2010   L150582 150582-1001 06/08/2019 1 06/08/2019 Journal article